[Event "NW Regional Scholastic Championships"]
[Site "Chess.com"]
[Date "2020.05.16"]
[Round "?"]
[White "Puggy321"]
[Black "QueenTraitor"]
[Result "1-0"]
[WhiteElo "1106"]
[BlackElo "1200"]
[PlyCount "55"]
[EventDate "2020.??.??"]

1. e4 e5 2. Nf3 Nc6 3. Bb5 Nf6 4. d3 d6 5. O-O Bg4 6. Nbd2 Bxf3 7. Nxf3 Be7 8.
c3 Ng4 9. d4 exd4 10. Nxd4 O-O 11. Qxg4 Nxd4 12. cxd4 d5 13. Bh6 Bf6 14. e5 c6
15. exf6 Qxf6 16. Bg5 Qg6 17. Be2 Rae8 18. Be3 Re4 19. Qd7 Qe6 20. Qxb7 Qe7 21.
Qxc6 Re6 22. Qxd5 Rd8 23. Qa5 Qh4 24. Bg5 Qxd4 25. Rad1 Qb6 26. Rxd8+ Qxd8 27.
Qxd8+ Re8 28. Qxe8# 1-0

[Event "NW Regional Scholastic Championships"]
[Site "Chess.com"]
[Date "2020.05.16"]
[Round "?"]
[White "doglover41010"]
[Black "Puggy321"]
[Result "0-1"]
[WhiteElo "1000"]
[BlackElo "1106"]
[PlyCount "38"]
[EventDate "2020.??.??"]

1. d4 Nf6 2. c4 d5 3. e3 e6 4. Nc3 c5 5. dxc5 Bxc5 6. Nf3 O-O 7. Qd3 dxc4 8.
Qxc4 Nbd7 9. Qd3 b6 10. Ne4 Be7 11. Nxf6+ Bxf6 12. Qe4 Rb8 13. Bd3 g6 14. Nd4
Nc5 15. Qf3 Nxd3+ 16. Kd2 Ba6 17. Nc6 Nxb2+ 18. Ke1 Bc3+ 19. Bd2 Qxd2# 0-1

[Event "NW Regional Scholastic Championships"]
[Site "Chess.com"]
[Date "2020.05.16"]
[Round "?"]
[White "duckhole10"]
[Black "joshuavangorkom"]
[Result "1-0"]
[WhiteElo "1005"]
[BlackElo "800"]
[PlyCount "115"]
[EventDate "2020.??.??"]

1. e4 Nf6 2. Nc3 d5 3. Nf3 dxe4 4. Nh4 e5 5. f3 exf3 6. Nxf3 e4 7. Ng5 Bc5 8.
Bc4 Rf8 9. d3 Qd4 10. Bb5+ Bd7 11. Bxd7+ Kxd7 12. Rf1 Qe5 13. Na4 Bb4+ 14. c3
Ba5 15. d4 Qxh2 16. Nc5+ Ke8 17. Nxb7 Bb6 18. Bf4 Qh4+ 19. g3 Qh5 20. Qxh5 Nxh5
21. Nxh7 Rh8 22. Ng5 Nxf4 23. Rxf4 f6 24. Rxe4+ Kf8 25. Ne6+ Kf7 26. Nbd8+ Ke7
27. Nxc7+ Kxd8 28. Nxa8 Ba5 29. b4 Bc7 30. d5 Bxg3+ 31. Ke2 f5 32. Re3 f4 33.
Rf3 Re8+ 34. Kf1 g5 35. Rd3 Re1+ 36. Rxe1 Bh4 37. d6 g4 38. d7 Nxd7 39. Rxd7+
Kxd7 40. Rd1+ Ke6 41. c4 f3 42. Nc7+ Kf5 43. Rd5+ Kf4 44. Ne6+ Kg3 45. c5 Kh3
46. c6 g3 47. Nf4+ Kh2 48. Rd2+ g2+ 49. Nxg2 fxg2+ 50. Rxg2+ Kh3 51. c7 Bg3 52.
c8=Q+ Kh4 53. Rxg3 Kxg3 54. Qf8 Kh2 55. Qg8 Kh3 56. Kf2 Kh4 57. Kf3 Kh3 58.
Qh8# 1-0

[Event "NW Regional Scholastic Championships"]
[Site "Chess.com"]
[Date "2020.05.16"]
[Round "?"]
[White "SourBusyBeach"]
[Black "duckhole10"]
[Result "0-1"]
[WhiteElo "1200"]
[BlackElo "1005"]
[PlyCount "20"]
[EventDate "2020.??.??"]

1. e4 e5 2. Nf3 Nc6 3. Nc3 Nf6 4. Bb5 Bc5 5. Bxc6 dxc6 6. Nxe5 Qd4 7. Ng4 Nxg4
8. Qxg4 Qxf2+ 9. Kd1 Bxg4+ 10. Ne2 Qxe2# 0-1

[Event "NW Regional Scholastic Championships"]
[Site "Chess.com"]
[Date "2020.05.16"]
[Round "?"]
[White "joshuavangorkom"]
[Black "JimBobBRK"]
[Result "0-1"]
[WhiteElo "800"]
[BlackElo "892"]
[PlyCount "50"]
[EventDate "2020.??.??"]

1. e4 e5 2. Nf3 Nc6 3. d3 Nf6 4. Nc3 Bb4 5. a3 Bxc3+ 6. bxc3 O-O 7. d4 exd4 8.
cxd4 d5 9. exd5 Nxd5 10. c4 Nc3 11. Qd2 Ne4 12. Qe3 Re8 13. Qd3 g6 14. d5 Na5
15. Bb2 Nc5+ 16. Be2 Nxd3+ 17. Kd1 Nxf2+ 18. Ke1 Nxh1 19. Bc3 Nxc4 20. Rd1 Bg4
21. Ba5 Nxa5 22. d6 cxd6 23. Rxd6 Qxd6 24. Nd4 Qxd4 25. Kf1 Qf2# 0-1

[Event "NW Regional Scholastic Championships"]
[Site "Chess.com"]
[Date "2020.05.16"]
[Round "?"]
[White "Puggy321"]
[Black "JimBobBRK"]
[Result "1-0"]
[WhiteElo "1106"]
[BlackElo "892"]
[PlyCount "57"]
[EventDate "2020.??.??"]

1. e4 e5 2. Nf3 Nc6 3. Bb5 Nge7 4. O-O Ng6 5. c3 Nge7 6. d4 exd4 7. cxd4 Ng8 8.
Bc4 Nf6 9. Ng5 d6 10. Bxf7+ Ke7 11. Nc3 h6 12. Nd5+ Kd7 13. Be6+ Ke8 14. Bf7+
Kd7 15. Ne6 Qe7 16. Nxe7 Kxe7 17. Nxc7 Rb8 18. Bg6 Kd7 19. Nd5 Nxe4 20. Bxe4 g5
21. Bf5+ Kd8 22. Bxc8 Rxc8 23. Qh5 Nxd4 24. Bxg5+ Kd7 25. Qf7+ Kc6 26. Rac1+
Kb5 27. Qxb7+ Ka5 28. Qxa7+ Kb5 29. a4# 1-0

[Event "NW Regional Scholastic Championships"]
[Site "Chess.com"]
[Date "2020.05.16"]
[Round "?"]
[White "samsamkozaczuk"]
[Black "SourBusyBeach"]
[Result "0-1"]
[WhiteElo "816"]
[BlackElo "1200"]
[PlyCount "172"]
[EventDate "2020.??.??"]

1. e4 e5 2. Nf3 Nf6 3. Nc3 Nc6 4. Bc4 Bb4 5. Ng5 Bxc3 6. Nxf7 Bd4 7. Nxd8 Nxd8
8. O-O Nxe4 9. Qg4 d6 10. Qxe4 Bb6 11. Qf3 c6 12. Qf7+ Nxf7 13. Bxf7+ Kxf7 14.
d3 d5 15. c3 c5 16. f4 exf4 17. Rxf4+ Ke6 18. Be3 c4 19. Re1 Bxe3+ 20. Rxe3+
Kd6 21. dxc4 dxc4 22. Rd4+ Kc5 23. b4+ Kb5 24. Re5+ Kc6 25. Rxc4+ Kd6 26. Ree4
Kd5 27. Rcd4+ Kc6 28. Rc4+ Kb5 29. Rc5+ Kb6 30. Re6+ Bxe6 31. a4 Rhd8 32. Rb5+
Kc6 33. c4 Bxc4 34. Rc5+ Kb6 35. Rxc4 Rd1+ 36. Kf2 Rf8+ 37. Ke2 Rdd8 38. a5+
Kb5 39. Rc5+ Kxb4 40. Rc7 Rc8 41. Rxb7+ Kxa5 42. Rxa7+ Kb6 43. Rxg7 Rh8 44. Kf3
Rc7 45. Rg4 Rf8+ 46. Kg3 Rc3+ 47. Kh4 Rc2 48. Rb4+ Kc5 49. Rg4 Kd5 50. Rg5+ Ke6
51. Kh5 Rfc8 52. h4 R2c5 53. g4 Rxg5+ 54. Kxg5 Rg8+ 55. Kf4 Kf6 56. g5+ Kg6 57.
Kg4 Rh8 58. h5+ Kg7 59. Kf5 h6 60. gxh6+ Kxh6 61. Kg4 Rg8+ 62. Kh4 Ra8 63. Kg4
Ra4+ 64. Kf5 Kxh5 65. Ke6 Ra5 66. Kf7 Ra6 67. Ke7 Kg5 68. Kf7 Kf5 69. Ke7 Re6+
70. Kf7 Rf6+ 71. Ke7 Rh6 72. Kd7 Ke5 73. Ke7 Rh7+ 74. Ke8 Ke6 75. Kd8 Kd6 76.
Kc8 Kc6 77. Kb8 Kb6 78. Ka8 Ra7+ 79. Kb8 Rh7 80. Kc8 Kc6 81. Kd8 Kd6 82. Ke8
Ke6 83. Kf8 Kf6 84. Kg8 Ra7 85. Kh8 Kg6 86. Kg8 Ra8# 0-1

[Event "NW Regional Scholastic Championships"]
[Site "Chess.com"]
[Date "2020.05.16"]
[Round "?"]
[White "doglover41010"]
[Black "BigRoyalBull"]
[Result "1-0"]
[WhiteElo "1000"]
[BlackElo "800"]
[PlyCount "47"]
[EventDate "2020.??.??"]

1. d4 d5 2. c4 Bf5 3. Nc3 e6 4. e3 c6 5. Bd3 Bxd3 6. Qxd3 dxc4 7. Qxc4 Qd5 8.
Nxd5 cxd5 9. Qc8+ Ke7 10. Qxb7+ Ke8 11. Qxa8 Bb4+ 12. Bd2 Bxd2+ 13. Kxd2 Kd7
14. Qxb8 f6 15. Rc1 Ne7 16. Qxh8 Nc6 17. Qxg7+ Ke8 18. Rxc6 Kd8 19. Qxh7 e5 20.
Qxa7 exd4 21. Rb6 dxe3+ 22. Kxe3 d4+ 23. Kxd4 Kc8 24. Rb8# 1-0

[Event "NW Regional Scholastic Championships"]
[Site "Chess.com"]
[Date "2020.05.16"]
[Round "?"]
[White "joshuango"]
[Black "BigRoyalBull"]
[Result "0-1"]
[WhiteElo "1270"]
[BlackElo "800"]
[PlyCount "132"]
[EventDate "2020.??.??"]

1. e4 e5 2. Bc4 Nf6 3. Nc3 Nc6 4. Nf3 Bb4 5. Ng5 O-O 6. Nd5 Nxd5 7. Bxd5 h6 8.
Nf3 d6 9. c3 Bc5 10. d4 exd4 11. cxd4 Bb4+ 12. Bd2 Bxd2+ 13. Qxd2 Qf6 14. O-O-O
Be6 15. Bxc6 bxc6 16. b3 c5 17. d5 Bg4 18. e5 dxe5 19. h3 Bxf3 20. gxf3 c6 21.
dxc6 Qxc6 22. Rhe1 Qxf3 23. Rxe5 Qxh3 24. Rxc5 Rac8 25. Rxc8 Rxc8+ 26. Kb1 Rc6
27. Qd8+ Kh7 28. Qd3+ Qxd3+ 29. Rxd3 f5 30. Rd7 h5 31. Rxa7 Re6 32. Rc7 Re2 33.
f4 Rf2 34. Rc4 Kh6 35. Kc1 g5 36. fxg5+ Kxg5 37. a4 Rf1+ 38. Kd2 h4 39. Rc3 Kg4
40. Ke2 Rh1 41. Rf3 h3 42. Kf2 Rb1 43. Rg3+ Kh4 44. a5 Rb2+ 45. Kf3 h2 46. Rg2
h1=Q 47. a6 Ra2 48. Ke3 Qxg2 49. b4 Rxa6 50. b5 Rb6 51. Kd4 Rxb5 52. Ke3 Qf1
53. Kd4 Qe2 54. Kc3 Qd1 55. Kc4 Qd2 56. Kxb5 Qc3 57. Kb6 Qc4 58. Kb7 Qc5 59.
Ka6 Qb4 60. Ka7 Qb5 61. Ka8 Kg5 62. Ka7 Kf6 63. Ka8 Ke6 64. Ka7 Kd6 65. Ka8 Kc6
66. Ka7 Qb7# 0-1

[Event "NW Regional Scholastic Championships"]
[Site "Chess.com"]
[Date "2020.05.16"]
[Round "?"]
[White "BigRoyalBull"]
[Black "vaijo1"]
[Result "0-1"]
[WhiteElo "800"]
[BlackElo "1000"]
[PlyCount "54"]
[EventDate "2020.??.??"]

1. e4 e5 2. Nf3 Nc6 3. Nc3 Nf6 4. Bb5 Bc5 5. O-O O-O 6. d3 h6 7. Be3 d6 8. Bxc5
dxc5 9. Bxc6 bxc6 10. Nxe5 Re8 11. Nf3 Nh5 12. h3 Qf6 13. Qd2 Qg6 14. g4 Nf4
15. Qxf4 h5 16. Ne5 Qe6 17. Qxf7+ Qxf7 18. Nxf7 Kxf7 19. gxh5 Bxh3 20. Rfe1 Re5
21. Kh2 Rxh5 22. e5 Bf5+ 23. Kg3 Rah8 24. Re3 Rg5+ 25. Kf4 Rg4+ 26. Kxf5 Rhh4
27. Re4 g6# 0-1

[Event "NW Regional Scholastic Championships"]
[Site "Chess.com"]
[Date "2020.05.16"]
[Round "?"]
[White "joshuango"]
[Black "goPAC_8"]
[Result "0-1"]
[WhiteElo "1270"]
[BlackElo "882"]
[PlyCount "40"]
[EventDate "2020.??.??"]

1. e4 e5 2. Bc4 Bc5 3. Qh5 g6 4. Qxe5+ Be7 5. Qxh8 Bf8 6. Qxg8 Qf6 7. Qxh7 Bc5
8. Nf3 d6 9. O-O d5 10. Bxd5 Bd6 11. g3 Qxf3 12. Qg8+ Bf8 13. d3 Bh3 14. e5
Qxd5 15. f3 Qxe5 16. Bh6 Qe2 17. Qxf8+ Kd7 18. Qxf7+ Kc6 19. Rf2 Qe1+ 20. Rf1
Qxf1# 0-1

[Event "NW Regional Scholastic Championships"]
[Site "Chess.com"]
[Date "2020.05.16"]
[Round "?"]
[White "goPAC_8"]
[Black "doglover41010"]
[Result "1/2-1/2"]
[WhiteElo "882"]
[BlackElo "1000"]
[PlyCount "78"]
[EventDate "2020.??.??"]

1. e4 e6 2. Nf3 d5 3. exd5 exd5 4. Ne5 Nc6 5. Qh5 g6 6. Qf3 Nxe5 7. Qe2 Bd6 8.
Qb5+ c6 9. Qc5 Bxc5 10. Bd3 Bf5 11. Bxf5 gxf5 12. O-O Ng4 13. Re1+ Kf8 14. h3
Bxf2+ 15. Kf1 Bxe1 16. Kxe1 Qe8+ 17. Kf1 Nh2+ 18. Kg1 Qe1+ 19. Kxh2 Qxc1 20.
Kg3 Qxc2 21. Na3 Qxb2 22. Rf1 Qxa3+ 23. d3 Qxd3+ 24. Rf3 Qe4 25. a4 Qe5+ 26.
Kh4 Qe4+ 27. Kg5 f6+ 28. Kh5 Qe8+ 29. Kh4 Qg6 30. g4 fxg4 31. hxg4 Qh6+ 32. Kg3
Re8 33. a5 Re3 34. Kf2 Re7 35. g5 Qxg5 36. Kf1 Re3 37. Rf2 Qg3 38. Rxf6+ Nxf6
39. a6 bxa6 1/2-1/2

[Event "NW Regional Scholastic Championships"]
[Site "Chess.com"]
[Date "2020.05.16"]
[Round "?"]
[White "goPAC_8"]
[Black "vaijo1"]
[Result "1-0"]
[WhiteElo "882"]
[BlackElo "1000"]
[PlyCount "69"]
[EventDate "2020.??.??"]

1. e4 e5 2. Nf3 Bc5 3. Nxe5 d6 4. Ng4 Qe7 5. Bc4 Qxe4+ 6. Qe2 Qxe2+ 7. Bxe2
Bxg4 8. Bxg4 Nf6 9. Bf3 O-O 10. Bxb7 Nc6 11. Bxa8 Nb4 12. Na3 Re8+ 13. Be4
Rxe4+ 14. Kf1 Nbd5 15. c4 Nf4 16. d3 Nxd3 17. Bg5 Ng4 18. f3 Ne3+ 19. Ke2 Rd4
20. Kxe3 Rd5+ 21. Ke4 Rd4+ 22. Ke3 Rd5+ 23. Kd2 Rd4 24. Rae1 Nxb2+ 25. Kc3 h6
26. Re8+ Kh7 27. Kxb2 Rd2+ 28. Kc3 Bd4+ 29. Kxd2 c5 30. Rhe1 Bf2 31. R1e7 Bg1
32. Rxf7 Bxh2 33. Bf6 h5 34. Rxg7+ Kh6 35. Rh8# 1-0

[Event "NW Regional Scholastic Championships"]
[Site "Chess.com"]
[Date "2020.05.16"]
[Round "?"]
[White "QueenTraitor"]
[Black "ShirtTM"]
[Result "1-0"]
[WhiteElo "1200"]
[BlackElo "906"]
[PlyCount "41"]
[EventDate "2020.??.??"]

1. e4 c5 2. Nc3 d6 3. Bc4 g6 4. d3 Nf6 5. Nf3 Bg7 6. Bg5 O-O 7. O-O Bg4 8. Bxf6
exf6 9. Nd5 Nc6 10. Bb5 f5 11. exf5 Bxf5 12. Qe1 Re8 13. Qd2 Bxb2 14. Rab1 Bd4
15. Nxd4 cxd4 16. Bxc6 bxc6 17. Nf4 Qg5 18. c4 Re6 19. Rbd1 Ree8 20. Nh3 Bxh3
21. Qxg5 1-0

[Event "NW Regional Scholastic Championships"]
[Site "Chess.com"]
[Date "2020.05.16"]
[Round "?"]
[White "ShirtTM"]
[Black "vaijo1"]
[Result "0-1"]
[WhiteElo "906"]
[BlackElo "1000"]
[PlyCount "140"]
[EventDate "2020.??.??"]

1. e4 e5 2. Nf3 Bc5 3. Bb5 Nf6 4. d3 O-O 5. Nc3 h6 6. Nxe5 d6 7. Nf3 Bg4 8. Bf4
a6 9. Bc4 Nc6 10. O-O Nd4 11. Qe2 Nxe2+ 12. Kh1 Nd7 13. Nd2 Qf6 14. f3 Nxf4 15.
Nd5 Be6 16. Nxf6+ gxf6 17. Bxe6 Nxe6 18. Nb3 Be3 19. Rae1 Bb6 20. Rd1 Nf4 21.
g3 Ne2 22. Rfe1 Ne5 23. Rxe2 Nxf3 24. Kg2 Nd4 25. Ree1 Nxc2 26. Re2 Nd4 27.
Red2 Rae8 28. Nxd4 Bxd4 29. Re2 c5 30. Rf1 d5 31. Rfe1 dxe4 32. dxe4 f5 33.
exf5 Rxe2+ 34. Rxe2 Rd8 35. Re7 Bxb2 36. Rxb7 Rd2+ 37. Kf3 c4 38. Ke3 Rxh2 39.
Rb8+ Kg7 40. Rc8 c3 41. Kd3 Rd2+ 42. Ke3 Rd1 43. Ke2 Rh1 44. Kd3 Rc1 45. g4
Rd1+ 46. Kc2 Rc1+ 47. Kd3 Rd1+ 48. Kc2 Rd2+ 49. Kb3 a5 50. a4 Rd3 51. Kc2 Rd2+
52. Kb3 Rg2 53. Rc4 Rxg4 54. Rxg4+ Kf6 55. Kc2 h5 56. Rh4 Kg5 57. Rh1 h4 58.
Rg1+ Kxf5 59. Rh1 Kg4 60. Rg1+ Kf3 61. Rh1 Kg3 62. Rg1+ Kf4 63. Rg2 h3 64. Rh2
Kg3 65. Rh1 Kg2 66. Rd1 h2 67. Re1 h1=Q 68. Re2+ Kf1 69. Re3 Qg2+ 70. Kd1 Qd2#
0-1

[Event "NW Regional Scholastic Championships"]
[Site "Chess.com"]
[Date "2020.05.16"]
[Round "?"]
[White "doglover41010"]
[Black "ShirtTM"]
[Result "1-0"]
[WhiteElo "1000"]
[BlackElo "906"]
[PlyCount "123"]
[EventDate "2020.??.??"]

1. d4 d6 2. e4 c5 3. d5 Nf6 4. Nc3 g6 5. Nf3 Bg7 6. Bg5 O-O 7. Bc4 Bg4 8. Qd2
Nbd7 9. O-O-O h6 10. Bh4 Kh7 11. h3 Bxf3 12. gxf3 h5 13. Bxf6 Bh6 14. Bg5 Bxg5
15. Qxg5 e6 16. Qxd8 Raxd8 17. dxe6 fxe6 18. Be2 Ne5 19. Nb5 a6 20. Nxd6 Nxf3
21. Nxb7 Rxd1+ 22. Bxd1 Nh4 23. Rf1 Rf7 24. Nxc5 a5 25. Nxe6 Rf6 26. f3 Rxe6
27. Re1 Rf6 28. Re3 Ng2 29. Ra3 Ra6 30. e5 Nf4 31. c4 Rc6 32. b3 Nd5 33. Rxa5
Nf4 34. b4 Rxc4+ 35. Bc2 Ne2+ 36. Kd2 Nf4 37. b5 Rd4+ 38. Bd3 Nxh3 39. b6 Rd7
40. e6 Re7 41. Rb5 Rxe6 42. b7 Re8 43. b8=Q Rxb8 44. Rxb8 Kh6 45. a4 g5 46. Rb1
Nf2 47. Be2 h4 48. a5 h3 49. f4 gxf4 50. Bf3 h2 51. a6 h1=Q 52. Bxh1 Nxh1 53.
Rxh1+ Kg5 54. a7 Kg4 55. a8=Q f3 56. Qg8+ Kf4 57. Rh4+ Kf5 58. Qg4+ Ke5 59.
Qxf3 Ke6 60. Qg3 Kf5 61. Rh5+ Ke4 62. Qg4# 1-0

[Event "NW Regional Scholastic Championships"]
[Site "Chess.com"]
[Date "2020.05.16"]
[Round "?"]
[White "SC_rnbqkbnr"]
[Black "doglover41010"]
[Result "0-1"]
[WhiteElo "1200"]
[BlackElo "1000"]
[PlyCount "48"]
[EventDate "2020.??.??"]

1. e3 e5 2. Qh5 g6 3. Qxe5+ Qe7 4. Qxh8 Nf6 5. Bc4 Qe4 6. Bd3 Qxg2 7. Qxf6 Qxh1
8. Kf1 Be7 9. Qh8+ Bf8 10. Bc4 Qc6 11. Qxh7 Qxc4+ 12. d3 Qxc2 13. Na3 Qxd3+ 14.
Ke1 Bxa3 15. bxa3 Qc3+ 16. Bd2 Qxa1+ 17. Ke2 Qxg1 18. Bc3 d6 19. Qh8+ Kd7 20.
Bf6 Na6 21. h3 Kc6 22. Qe8+ Bd7 23. Qxa8 Bxh3 24. Kf3 Qg4# 0-1

[Event "NW Regional Scholastic Championships"]
[Site "Chess.com"]
[Date "2020.05.16"]
[Round "?"]
[White "SC_rnbqkbnr"]
[Black "joshuango"]
[Result "0-1"]
[WhiteElo "1200"]
[BlackElo "1270"]
[PlyCount "124"]
[EventDate "2020.??.??"]

1. e3 e5 2. Qh5 Nc6 3. Bc4 g6 4. Qf3 Nf6 5. Qe2 d5 6. Bd3 Bc5 7. Nf3 b6 8. Qf1
e4 9. Ba6 Bg4 10. Ng5 h6 11. Nh3 Bxh3 12. gxh3 Nb4 13. Kd1 Nxa6 14. Qxa6 Rc8
15. Qxa7 O-O 16. Nc3 Ra8 17. Qb7 Rb8 18. Qc6 Nd7 19. Qb5 Qh4 20. Qf1 Ne5 21. d4
Qh5+ 22. Ne2 Nf3 23. dxc5 bxc5 24. Qg2 f5 25. Nf4 Qg5 26. Qxg5 hxg5 27. Ne6
Rfe8 28. Nxc7 Rec8 29. Na6 Rb6 30. Nb4 cxb4 31. b3 d4 32. exd4 Nxd4 33. Bxg5
Rxc2 34. Rc1 Rxa2 35. Rc8+ Kf7 36. Rc7+ Ke6 37. Ke1 Re2+ 38. Kd1 Rxf2 39. Re1
Rxh2 40. Be3 Nxb3 41. Bxb6 Rxh3 42. Ke2 f4 43. Rd1 f3+ 44. Ke3 Ke5 45. Rc5+ Kf6
46. Rd6+ Kg7 47. Rcc6 f2+ 48. Kxf2 e3+ 49. Ke2 Nd4+ 50. Kd1 Nxc6 51. Rxc6 Rh2
52. Ke1 e2 53. Kd2 b3 54. Be3 b2 55. Rc7+ Kf6 56. Bd4+ Kf5 57. Rc5+ Ke4 58. Be5
b1=Q 59. Rc4+ Kxe5 60. Ke3 e1=Q+ 61. Kf3 Qe2+ 62. Kg3 Qg1# 0-1

[Event "NW Regional Scholastic Championships"]
[Site "Chess.com"]
[Date "2020.05.16"]
[Round "?"]
[White "vaijo1"]
[Black "atharvaraje"]
[Result "1-0"]
[WhiteElo "1000"]
[BlackElo "897"]
[PlyCount "45"]
[EventDate "2020.??.??"]

1. e4 e5 2. Nf3 Nc6 3. Bc4 Bc5 4. O-O Nf6 5. d3 O-O 6. Nc3 a6 7. Re1 b5 8. Bd5
Rb8 9. d4 exd4 10. Ne2 Nxe4 11. Ng5 Nxg5 12. Nf4 Nb4 13. Be4 Re8 14. a3 Rxe4
15. Rxe4 Nxe4 16. f3 Ng5 17. Qe2 Bd6 18. Nh5 Ne6 19. f4 Nc6 20. Qg4 b4 21. Bd2
bxa3 22. Re1 Nc5 23. Qxg7# 1-0

[Event "NW Regional Scholastic Championships"]
[Site "Chess.com"]
[Date "2020.05.16"]
[Round "?"]
[White "atharvaraje"]
[Black "QueenTraitor"]
[Result "1-0"]
[WhiteElo "897"]
[BlackElo "1200"]
[PlyCount "125"]
[EventDate "2020.??.??"]

1. e4 e5 2. Nf3 Nc6 3. Bb5 Nf6 4. Nc3 Bc5 5. Bxc6 dxc6 6. Nxe5 Bd4 7. Nf3 Bxc3
8. bxc3 Nxe4 9. O-O Bg4 10. d3 Nxc3 11. Qd2 Bxf3 12. Qxc3 Be2 13. Re1 O-O 14.
Rxe2 Qh4 15. g3 Qh3 16. Bb2 Qg4 17. Kg2 f6 18. Qb3+ Rf7 19. Re7 Raf8 20. Re4
Qg5 21. Bc1 Qg6 22. Qxb7 Qf5 23. Rf4 Qd5+ 24. Kg1 Qb5 25. Qxb5 cxb5 26. Ba3 a5
27. Bxf8 Rxf8 28. a4 b4 29. Re1 h6 30. Rfe4 Kf7 31. Re7+ Kg8 32. Re8 Rxe8 33.
Rxe8+ Kf7 34. Re1 Kg6 35. Re8 Kf7 36. Rc8 Ke7 37. Rxc7+ Kd6 38. Rxg7 Kc5 39.
Rc7+ Kb6 40. Rf7 Kc5 41. Rxf6 Kd4 42. Rxh6 Kc3 43. g4 Kxc2 44. g5 Kxd3 45. g6
b3 46. Rh8 b2 47. Rb8 Kc2 48. g7 b1=Q+ 49. Rxb1 Kxb1 50. g8=Q Kb2 51. Qd5 Kc3
52. Qe4 Kb3 53. Qd4 Ka3 54. Qc4 Kb2 55. Qd3 Kc1 56. Qe2 Kb1 57. Qd2 Ka1 58. Kf1
Kb1 59. Ke2 Ka1 60. Kd3 Kb1 61. Kc3 Ka1 62. Kb3 Kb1 63. Qb2# 1-0

[Event "NW Regional Scholastic Championships"]
[Site "Chess.com"]
[Date "2020.05.16"]
[Round "?"]
[White "joshuavangorkom"]
[Black "RespectFoxy"]
[Result "1-0"]
[WhiteElo "800"]
[BlackElo "1200"]
[PlyCount "55"]
[EventDate "2020.??.??"]

1. e4 Nc6 2. d3 Nf6 3. Nf3 e5 4. Nc3 d5 5. d4 exd4 6. Nxd4 Nxd4 7. Qxd4 b6 8.
Bf4 Bc5 9. Qa4+ Bd7 10. Qa6 dxe4 11. Qe2 b5 12. Nxb5 c6 13. Nc7+ Ke7 14. Nxa8
Qxa8 15. Rd1 Bg4 16. f3 Bb4+ 17. c3 Bc5 18. fxg4 h5 19. b4 hxg4 20. bxc5 Nd5
21. Qxg4 Nxf4 22. Qxf4 Qb8 23. Qxe4+ Kf6 24. Qxc6+ Ke5 25. Qd5+ Kf6 26. Qf3+
Ke6 27. Bc4+ Ke7 28. Qxf7# 1-0

[Event "NW Regional Scholastic Championships"]
[Site "Chess.com"]
[Date "2020.05.16"]
[Round "?"]
[White "RespectFoxy"]
[Black "SourBusyBeach"]
[Result "0-1"]
[WhiteElo "1200"]
[BlackElo "1200"]
[PlyCount "64"]
[EventDate "2020.??.??"]

1. Nf3 e5 2. Nxe5 Nc6 3. Nxc6 bxc6 4. Nc3 Bb4 5. a3 Bxc3 6. bxc3 Nf6 7. e3 O-O
8. Be2 c5 9. d4 cxd4 10. cxd4 Bb7 11. f3 Nd5 12. e4 Nc3 13. Qd3 Nxe2 14. Qxe2
Qc8 15. d5 Ba6 16. Qd2 d6 17. a4 h6 18. Ba3 Qb8 19. e5 dxe5 20. Bxf8 Kxf8 21.
d6 cxd6 22. Qd1 Qb2 23. Rb1 Qa2 24. Rc1 Qc4 25. Qxd6+ Kg8 26. Qxe5 Qxa4 27. Ra1
Qxc2 28. Rxa6 Qc1+ 29. Ke2 Qxh1 30. Qe4 Rd8 31. Rxa7 Qd1+ 32. Ke3 Qd2# 0-1

[Event "NW Regional Scholastic Championships"]
[Site "Chess.com"]
[Date "2020.05.16"]
[Round "?"]
[White "TitanSlayer7801"]
[Black "joshuango"]
[Result "0-1"]
[WhiteElo "1022"]
[BlackElo "1270"]
[PlyCount "90"]
[EventDate "2020.??.??"]

1. e4 e5 2. Bb5 Bb4 3. Nf3 Nc6 4. O-O Nf6 5. d4 exd4 6. Nbd2 O-O 7. Nc4 a6 8.
Ba4 b5 9. Bb3 bxc4 10. Bxc4 Bb7 11. Bg5 h6 12. Bh4 g5 13. Bg3 Nxe4 14. Be5 Nxe5
15. Nxe5 d6 16. Bxf7+ Rxf7 17. Nxf7 Kxf7 18. Qxd4 c5 19. Qc4+ d5 20. Qd3 c4 21.
Qf3+ Kg6 22. Rfe1 Bxe1 23. Rxe1 Nd2 24. Qe2 Ne4 25. Rd1 Qa5 26. c3 Qxa2 27.
Rxd5 Bxd5 28. f3 Qb1+ 29. Qf1 Qxb2 30. h3 Nd2 31. Qf2 Qc1+ 32. Kh2 Nf1+ 33. Kg1
Ne3+ 34. Kh2 g4 35. fxg4 Qxc3 36. Kg3 Qe5+ 37. Kh4 Qg5+ 38. Kg3 c3 39. Qxe3
Qxe3+ 40. Kh4 Qg5+ 41. Kg3 c2 42. Kf2 c1=Q 43. Kg3 Qgf4+ 44. Kh4 Qe1+ 45. g3
Qexg3# 0-1

[Event "NW Regional Scholastic Championships"]
[Site "Chess.com"]
[Date "2020.05.16"]
[Round "?"]
[White "duckhole10"]
[Black "TitanSlayer7801"]
[Result "1-0"]
[WhiteElo "1005"]
[BlackElo "1022"]
[PlyCount "41"]
[EventDate "2020.??.??"]

1. e4 e5 2. Nf3 Nc6 3. Bc4 Bb4 4. c3 Bc5 5. d4 Bb6 6. Ng5 f6 7. Nf7 Qe7 8. Nxh8
d5 9. exd5 Na5 10. Qh5+ g6 11. Qd1 Bf5 12. d6 Qxd6 13. Bf7+ Kd8 14. Bxg8 exd4
15. cxd4 Qe6+ 16. Bxe6 Bxe6 17. d5 Bxd5 18. Qxd5+ Ke7 19. O-O Rd8 20. Re1+ Kf8
21. Qf7# 1-0

[Event "NW Regional Scholastic Championships"]
[Site "Chess.com"]
[Date "2020.05.16"]
[Round "?"]
[White "RespectFoxy"]
[Black "TitanSlayer7801"]
[Result "1/2-1/2"]
[WhiteElo "1200"]
[BlackElo "922"]
[PlyCount "187"]
[EventDate "2020.??.??"]

1. e3 e5 2. Bc4 Nf6 3. Qf3 Bb4 4. g4 O-O 5. c3 Bc5 6. b4 Bb6 7. Qd1 Nc6 8. b5
Na5 9. Bd3 d5 10. e4 dxe4 11. Bc2 Bxg4 12. f3 exf3 13. Nxf3 Qd5 14. Na3 Rad8
15. Bb3 Qxf3 16. Qxf3 Bxf3 17. Rf1 Bh5 18. d3 Rxd3 19. Bc2 Rh3 20. Rb1 Rd8 21.
Rf2 Re3+ 22. Bxe3 Bxe3 23. Re2 Bxe2 24. Kxe2 Bg5 25. Bd1 Re8 26. Ba4 e4 27. Rd1
e3 28. b6 cxb6 29. Bxe8 Nxe8 30. Nb5 a6 31. Na7 b5 32. Nc8 h6 33. Nd6 b6 34.
Nxe8 Kh7 35. Nd6 Nc4 36. Nxf7 Bf6 37. Rd7 a5 38. Rb7 b4 39. Rb8 bxc3 40. Rh8+
Kg6 41. Rc8 c2 42. Rxc4 b5 43. Rxc2 a4 44. Rc3 b4 45. Rxe3 b3 46. axb3 a3 47.
Kf3 a2 48. Re1 Bc3 49. Ne5+ Kf5 50. Nd3 Bxe1 51. Nxe1 a1=Q 52. Nc2 Qe5 53. b4
Qd5+ 54. Kf2 Qc4 55. Ne3+ Ke4 56. Nxc4 g5 57. b5 Kd5 58. Nb6+ Kc5 59. h3 h5 60.
Nd7+ Kxb5 61. Ne5 Kc5 62. Nf7 g4 63. h4 Kd5 64. Kg3 Ke6 65. Nh6 Kf6 66. Nxg4+
Kg6 67. Ne5+ Kh6 68. Ng4+ Kg6 69. Ne5+ Kf5 70. Nf7 Kg6 71. Nd8 Kh6 72. Ne6 Kg6
73. Nf4+ Kh6 74. Kh3 Kh7 75. Nxh5 Kh6 76. Nf4 Kh7 77. h5 Kh6 78. Kh4 Kh7 79.
Ng6 Kh6 80. Nf8 Kg7 81. Ne6+ Kh6 82. Nf4 Kh7 83. Kg5 Kg7 84. h6+ Kh7 85. Ne6
Kh8 86. Kg6 Kg8 87. Ng7 Kh8 88. Kf7 Kh7 89. Nf5 Kh8 90. Kf6 Kh7 91. Kg5 Kh8 92.
Kg6 Kg8 93. h7+ Kh8 94. Ne7 1/2-1/2

[Event "NW Regional Scholastic Championships"]
[Site "Chess.com"]
[Date "2020.05.16"]
[Round "?"]
[White "TitanSlayer7801"]
[Black "atharvaraje"]
[Result "1/2-1/2"]
[WhiteElo "922"]
[BlackElo "897"]
[PlyCount "88"]
[EventDate "2020.??.??"]

1. e4 e5 2. Nf3 Nc6 3. Bb5 d6 4. d3 Bd7 5. Bg5 f6 6. Be3 a6 7. Bc4 b5 8. Bxg8
Rxg8 9. O-O Qe7 10. Nc3 O-O-O 11. Qd2 g5 12. Rfe1 Bh6 13. Rad1 g4 14. Nh4 Bxe3
15. Rxe3 Nb4 16. a3 Na2 17. Nf5 Bxf5 18. exf5 Nxc3 19. bxc3 h5 20. h4 Qd7 21.
d4 Qxf5 22. dxe5 dxe5 23. c4 Rxd2 24. Rxd2 bxc4 25. c3 Rd8 26. Rde2 Qd7 27. f3
gxf3 28. gxf3 Qd1+ 29. Kf2 Qa4 30. Kg3 Qxa3 31. f4 Qd6 32. Kh3 exf4 33. Rf3 Qd1
34. Re7 Qxf3+ 35. Kh2 a5 36. Re1 Rd1 37. Rxd1 Qxd1 38. Kg2 Qd3 39. Kf2 Kd7 40.
Ke1 Ke6 41. Kf2 Ke5 42. Ke1 Ke4 43. Kf2 Qe3+ 44. Kf1 Kf3 1/2-1/2